A+U : (Registro nro. 4996)
[ vista simple ]
| 000 -LEADER | |
|---|---|
| fixed length control field | 00936nam a22003017a 4500 |
| 003 - CONTROL NUMBER IDENTIFIER | |
| control field | PE SENCICO BE |
| 005 - DATE AND TIME OF LATEST TRANSACTION | |
| control field | 20251020182708.0 |
| 008 - FIXED-LENGTH DATA ELEMENTS--GENERAL INFORMATION | |
| fixed length control field | 240702b |||||||| |||| 00| 0 eng d |
| 040 ## - CATALOGING SOURCE | |
| Original cataloging agency | PE SENCICO BE |
| Transcribing agency | PE SENCICO BE |
| 041 ## - LANGUAGE CODE | |
| Language code of text/sound track or separate title | spa |
| 110 1# - MAIN ENTRY--CORPORATE NAME | |
| 9 (RLIN) | 2373 |
| Corporate name or jurisdiction name as entry element | A+U Publishing |
| 245 1# - TITLE STATEMENT | |
| Title | A+U : |
| Remainder of title | Architecture and urbanism / |
| Statement of responsibility, etc. | A+U Publishing |
| 260 ## - PUBLICATION, DISTRIBUTION, ETC. | |
| Place of publication, distribution, etc. | Tokyo : |
| Name of publisher, distributor, etc. | A + U Publishing ; |
| Date of publication, distribution, etc. | 2016 - |
| 300 ## - PHYSICAL DESCRIPTION | |
| Extent | v. |
| Other physical details | il. col. ; |
| Dimensions | 29 cm. |
| 500 ## - GENERAL NOTE | |
| General note | Texto en idioma japonés e inglés. |
| 500 ## - GENERAL NOTE | |
| General note | Descripción basada en: N° 551 (2016). |
| 650 10 - SUBJECT ADDED ENTRY--TOPICAL TERM | |
| 9 (RLIN) | 570 |
| Topical term or geographic name entry element | Arquitectura urbana |
| 650 20 - SUBJECT ADDED ENTRY--TOPICAL TERM | |
| 9 (RLIN) | 191 |
| Topical term or geographic name entry element | Arquitectura moderna |
| 650 20 - SUBJECT ADDED ENTRY--TOPICAL TERM | |
| 9 (RLIN) | 519 |
| Topical term or geographic name entry element | Edificios |
| 650 20 - SUBJECT ADDED ENTRY--TOPICAL TERM | |
| 9 (RLIN) | 18 |
| Topical term or geographic name entry element | Diseño arquitectónico |
| 650 20 - SUBJECT ADDED ENTRY--TOPICAL TERM | |
| 9 (RLIN) | 1424 |
| Topical term or geographic name entry element | Arquitectura estética |
| 650 20 - SUBJECT ADDED ENTRY--TOPICAL TERM | |
| 9 (RLIN) | 84 |
| Topical term or geographic name entry element | Museos |
| 650 20 - SUBJECT ADDED ENTRY--TOPICAL TERM | |
| 9 (RLIN) | 806 |
| Topical term or geographic name entry element | Arquitectura ecológica |
| 650 20 - SUBJECT ADDED ENTRY--TOPICAL TERM | |
| 9 (RLIN) | 78 |
| Topical term or geographic name entry element | Urbanismo |
| 866 ## - TEXTUAL HOLDINGS--BASIC BIBLIOGRAPHIC UNIT | |
| Existencias | 2016 : 1(551) |
| -- | 2017 : 1(567) |
| 910 ## - USER-OPTION DATA (OCLC) | |
| User-option data | hfp |
| -- | hfp |
| -- | hfp |
| 942 ## - ADDED ENTRY ELEMENTS (KOHA) | |
| Koha item type | Revista |
| Fecha de la última vez que lo usaron | Pago total | Signatura topográfica completa | Código de barras | Precio efectivo desde | Tipo de documento | Estado perdido | Estado dañado | No es para préstamo | Retirado | Ubicación permanente | Ubicación actual | Fecha de adquisición |
|---|---|---|---|---|---|---|---|---|---|---|---|---|
| 02/07/2024 | No. 551; 2016 | BibLima24070015 | 02/07/2024 | Revista | Biblioteca Central Lima | Biblioteca Central Lima | 02/07/2024 | |||||
| 02/07/2024 | No. 567; 2017 | BibLima24070016 | 02/07/2024 | Revista | Biblioteca Central Lima | Biblioteca Central Lima | 02/07/2024 |